000
00335nam a2200133Ia 4500
008
240624s9999 xx 000 0 und d
041
_a
eng
082
_a
346.7302 BHA
100
_a
BHAT SAIRAM
245
_a
LAW OF BUSINESS CONTRACTS IN INDIA
260
_c
2009
_a
New Delhi
_b
Sage Publications
300
_a
352 : p.
365
_c
RS
_b
34
999
_c
14088
_d
14088